000
00222nam a2200097Ia 4500
008
170619s9999 xx 000 0 und d
100
_a
Harish- A.R.
245
0
_a
Antennas and Wave Propagation
260
_b
Oxford
260
_c
2010
546
_a
ENGLISH
999
_c
20808
_d
20808